000 00741nam a2200217 i 4500
001 58269
003 ES-MaACL
005 20230906163749.0
007 t|
008 031021s1972 sp ||||1| spa d
100 1 _aDuesenberry, James S.
_945884
245 1 3 _aLa renta, el ahorro y la teoría del comportamiento de los consumidores /
_cJames S. Duesenberry ; versión de Julio Cerón Ayuso ; revisada por José Vergara.
260 _a[Madrid] :
_bAlianza,
_c[1972]
300 _a188 p. ;
_c20 cm.
490 1 _aAlianza universidad ;
_v28
700 1 _aCerón Ayuso, Julio.
_937547
700 1 _aVergara, José.
_9114083
830 0 _aAlianza universidad ;
_v28
_9177276
852 _aES-MaACL
_jC-49450
_bR.84201
999 _c58269
_d58269